000 00521 a2200193 4500
005 20240326100045.0
008 240321b |||||||| |||| 00| 0 eng d
020 _a9788126934959
_cRs. 995.00
040 _aMAIN
082 _a338.13
_bJ934T
100 _aJugale, V B
245 _aTheories of agricultural finance
260 _bAtlantic Publishers and Distributors
_aNew Delhi
_c2022
300 _ax, 166
650 _aAgricultural Finance
650 _aFinance-Agricultural
650 _aEconomics
942 _cBK
999 _c313799
_d313799